| 000 | 00547nam a2200181Ia 4500 | ||
|---|---|---|---|
| 003 | GCL | ||
| 008 | 140319s9999 xx 000 0 ara d | ||
| 040 |
_aGCL / _cGCL |
||
| 082 | 0 | 4 |
_a621.388 _bف ا |
| 100 | 1 | _aمأمون احمد الحلاق | |
| 245 | 1 | 0 |
_aاسس التليفزيون الملون / _cمأمون احمد الحلاق |
| 700 | 1 | _aفاروق عبدالمجيد نجار | |
| 260 |
_a[S.N] : _bمكتبة التحرير |
||
| 300 | _a248 ص | ||
| 490 | _a | ||
| 650 | 0 | 4 | _aالتليفزيون الملون |
| 942 |
_2ddc _cBK |
||
| 999 |
_c53862 _d53862 |
||